|
|
|
|
| LEADER |
00000nam0a2200000 4500 |
| 001 |
377565 |
| 005 |
20231101053006.0 |
| 035 |
|
|
|a (RuTPU)RU\TPU\retro\35016
|
| 035 |
|
|
|a RU\TPU\book\55712
|
| 090 |
|
|
|a 377565
|
| 100 |
|
|
|a 20230316d1965 km y0rusy50 ca
|
| 101 |
0 |
|
|a rus
|
| 102 |
|
|
|a RU
|
| 105 |
|
|
|a y o 000zy
|
| 200 |
1 |
|
|a Таблицы термодинамических свойств воды и водяного пара
|f М. П. Вукалович
|
| 205 |
|
|
|a 7-е изд., перераб. и доп.
|
| 210 |
|
|
|a Москва
|a Ленинград
|c Энергия
|d 1965
|
| 215 |
|
|
|a 400 с.
|e Прил.: 6 л. диаграмм
|
| 610 |
1 |
|
|a термодинамика
|
| 610 |
1 |
|
|a вода
|
| 610 |
1 |
|
|a водяной пар
|
| 610 |
1 |
|
|a термодинамические свойства
|
| 610 |
1 |
|
|a таблицы
|
| 675 |
|
|
|a 621.1.013(083)
|v 3
|
| 700 |
|
1 |
|a Вукалович
|b М. П.
|g Михаил Петрович
|
| 801 |
|
1 |
|a RU
|b 63413507
|c 20030615
|g PSBO
|
| 801 |
|
2 |
|a RU
|b 63413507
|c 20230316
|g PSBO
|
| 900 |
|
|
|a Термодинамика и тепломассообмен
|
| 900 |
|
|
|a Термодинамика и теплопередача
|
| 900 |
|
|
|a Техническая термодинамика и теплотехника
|
| 942 |
|
|
|c BK
|